000
00343nam a2200145Ia 4500
008
220216s9999 xx 000 0 und d
100
_a
Tohara H
245
0
_a
Rubber suspensions for Japans railways
260
_b
Rubber Developments
_c
1960
300
_a
103-105
650
_a
Japan
650
_a
Railways
650
_a
Rubber
942
_c
JS
999
_c
68017
_d
68017